000 00595nam a22001697a 4500
008 161122b xxu||||| |||| 00| 0 eng d
020 _a9780026469456
050 _aT65
_b.S66 1993
100 _aSoman,Stuart
245 _aExperience technology:
_bCommunication,production,transportation and Biotechnology.
260 _aGlencoe
_bMacmillan/McGraw-hill
_c1993
300 _a384p.
_c28cm.
650 _a Technology -- Study and teaching (Secondary)
650 _aCommunication -- Study and teaching (Secondary)
650 _aTransportation -- Study and teaching (Secondary)
942 _2lcc
_cBK
999 _c47389
_d47389